| 000 | 00415pam a2200157a 44500 | ||
|---|---|---|---|
| 008 | 230515b2009 xxu||||| |||| 00| 0 eng d | ||
| 020 | _a978-81-8448-697-1 | ||
| 041 | _aENGLISH | ||
| 082 | _a610.73 | ||
| 100 | _aBASAVANTHAPPA B.T. | ||
| 245 | _aNURSING ADMINISTRATION | ||
| 250 | _a2ND ED | ||
| 260 |
_a _bJAYPEE BROTHERS MEDICAL PUBLISHERS (P) LTD. _c2009 |
||
| 300 | _a946 | ||
| 650 | _aNURSING ADMINISTRATION | ||
| 999 |
_c504661 _d504661 |
||